Swiss Cantons by Area - Statistics

General Stats
  • This quiz has been taken 209 times
  • The average score is 14 of 26
Answer Stats
Area in km² Canton % Correct
7105.30 Graubünden
93%
5958.50 Bern
91%
5224.64 Valais
84%
3212.02 Vaud
76%
2812.16 Ticino
72%
1728.94 Zurich
72%
2028.20 St. Gallen
67%
36.95 Basel-Stadt
57%
1403.80 Aargau
54%
1493.52 Lucerne
54%
1672.43 Fribourg
53%
994.33 Thurgau
46%
1076.53 Uri
46%
282.49 Genéva
45%
172.48 Appenzell Innerrhoden
43%
838.51 Jura
42%
907.88 Schwyz
40%
238.73 Zug
39%
275.84 Nidwalden
38%
490.58 Obwalden
37%
242.84 Appenzell-Ausserrhoden
36%
685.31 Glarus
36%
802.16 Neuchâtel
36%
298.42 Schaffhausen
35%
790.46 Solothurn
34%
517.67 Basel-Landschaft
33%
No matching quizzes found
Score Distribution
Percent of People with Each Score
Percentile by Number Answered
Your Score History
You have not taken this quiz